000
00272nam a22001217a 4500
008
170814b xxu||||| |||| 00| 0 eng d
041
_a
eng
080
_2
25TH
_a
51
100
_a
51
101
_a
MAT
245
_a
STANDARD MATHEMATICAL TABLES
_c
BEYER,W.H
942
_2
udc
_c
BK
999
_c
23343
_d
23343